<?xml version="1.0" encoding="UTF-8"?>
<record
    xmlns:xsi="http://www.w3.org/2001/XMLSchema-instance"
    xsi:schemaLocation="http://www.loc.gov/MARC21/slim http://www.loc.gov/standards/marcxml/schema/MARC21slim.xsd"
    xmlns="http://www.loc.gov/MARC21/slim">

  <leader>01940nam0a2200349   4500</leader>
  <controlfield tag="001">RU\NLR\bibl\40214</controlfield>
  <controlfield tag="005">20260405160803.0</controlfield>
  <datafield tag="010" ind1=" " ind2=" ">
    <subfield code="a">5-238-00068-5</subfield>
    <subfield code="9">20000</subfield>
  </datafield>
  <datafield tag="021" ind1=" " ind2=" ">
    <subfield code="a">RU</subfield>
    <subfield code="b">99-18822</subfield>
    <subfield code="9">916</subfield>
  </datafield>
  <datafield tag="035" ind1=" " ind2=" ">
    <subfield code="a">(NLR Aleph) 000039218</subfield>
  </datafield>
  <datafield tag="090" ind1=" " ind2=" ">
    <subfield code="a">203715</subfield>
    <subfield code="c">203715</subfield>
  </datafield>
  <datafield tag="100" ind1=" " ind2=" ">
    <subfield code="a">19990726d1999    |||y0rusy50      ca</subfield>
  </datafield>
  <datafield tag="101" ind1="0" ind2=" ">
    <subfield code="a">rus</subfield>
  </datafield>
  <datafield tag="102" ind1=" " ind2=" ">
    <subfield code="a">RU</subfield>
  </datafield>
  <datafield tag="105" ind1=" " ind2=" ">
    <subfield code="a">a   |||||||||</subfield>
  </datafield>
  <datafield tag="200" ind1="1" ind2=" ">
    <subfield code="a">&#x42D;&#x43A;&#x43E;&#x43D;&#x43E;&#x43C;&#x438;&#x43A;&#x43E;-&#x43C;&#x430;&#x442;&#x435;&#x43C;&#x430;&#x442;&#x438;&#x447;&#x435;&#x441;&#x43A;&#x438;&#x435; &#x43C;&#x435;&#x442;&#x43E;&#x434;&#x44B; &#x438; &#x43F;&#x440;&#x438;&#x43A;&#x43B;&#x430;&#x434;&#x43D;&#x44B;&#x435; &#x43C;&#x43E;&#x434;&#x435;&#x43B;&#x438;</subfield>
    <subfield code="e">&#x423;&#x447;&#x435;&#x431;. &#x43F;&#x43E;&#x441;&#x43E;&#x431;&#x438;&#x435; &#x434;&#x43B;&#x44F; &#x441;&#x442;&#x443;&#x434;&#x435;&#x43D;&#x442;&#x43E;&#x432; &#x432;&#x443;&#x437;&#x43E;&#x432;, &#x43E;&#x431;&#x443;&#x447;&#x430;&#x44E;&#x449;&#x438;&#x445;&#x441;&#x44F; &#x43F;&#x43E; &#x44D;&#x43A;&#x43E;&#x43D;. &#x441;&#x43F;&#x435;&#x446;.</subfield>
    <subfield code="f">[&#x412;.&#x412;. &#x424;&#x435;&#x434;&#x43E;&#x441;&#x435;&#x435;&#x432;, &#x410;.&#x41D;. &#x413;&#x430;&#x440;&#x43C;&#x430;&#x448;, &#x414;.&#x41C;. &#x414;&#x430;&#x439;&#x438;&#x442;&#x431;&#x435;&#x433;&#x43E;&#x432; &#x438; &#x434;&#x440;.]</subfield>
    <subfield code="g">&#x41F;&#x43E;&#x434; &#x440;&#x435;&#x434;. &#x412;.&#x412;. &#x424;&#x435;&#x434;&#x43E;&#x441;&#x435;&#x432;&#x430;</subfield>
    <subfield code="g">[&#x412;&#x441;&#x435;&#x440;&#x43E;&#x441;. &#x437;&#x430;&#x43E;&#x447;. &#x444;&#x438;&#x43D;.-&#x44D;&#x43A;&#x43E;&#x43D;. &#x438;&#x43D;-&#x442;]</subfield>
  </datafield>
  <datafield tag="210" ind1=" " ind2=" ">
    <subfield code="a">&#x41C;.</subfield>
    <subfield code="c">&#x42E;&#x41D;&#x418;&#x422;&#x418;</subfield>
    <subfield code="d">1999</subfield>
  </datafield>
  <datafield tag="215" ind1=" " ind2=" ">
    <subfield code="a">391 &#x441;.</subfield>
    <subfield code="c">&#x438;&#x43B;.</subfield>
  </datafield>
  <datafield tag="300" ind1=" " ind2=" ">
    <subfield code="a">&#x412; &#x43F;&#x440;&#x435;&#x434;&#x438;&#x441;&#x43B;. &#x430;&#x432;&#x442;.: &#x412;.&#x412;. &#x424;&#x435;&#x434;&#x43E;&#x441;&#x435;&#x435;&#x432;, &#x434;&#x43E;&#x446;., &#x410;.&#x41D;. &#x413;&#x430;&#x440;&#x43C;&#x430;&#x448;, &#x434;&#x43E;&#x446;., &#x414;.&#x41C;. &#x414;&#x430;&#x439;&#x438;&#x442;&#x431;&#x435;&#x433;&#x43E;&#x432;, &#x43F;&#x440;&#x43E;&#x444;. &#x438; &#x434;&#x440;.</subfield>
  </datafield>
  <datafield tag="320" ind1=" " ind2=" ">
    <subfield code="a">&#x411;&#x438;&#x431;&#x43B;&#x438;&#x43E;&#x433;&#x440;.: &#x441;. 387-388</subfield>
  </datafield>
  <datafield tag="606" ind1="0" ind2=" ">
    <subfield code="a">&#x41C;&#x430;&#x442;&#x435;&#x43C;&#x430;&#x442;&#x438;&#x447;&#x435;&#x441;&#x43A;&#x438;&#x435; &#x43C;&#x435;&#x442;&#x43E;&#x434;&#x44B; &#x432; &#x44D;&#x43A;&#x43E;&#x43D;&#x43E;&#x43C;&#x438;&#x43A;&#x435;</subfield>
    <subfield code="j">&#x420;&#x443;&#x43A;&#x43E;&#x432;&#x43E;&#x434;&#x441;&#x442;&#x432;&#x430;, &#x43F;&#x43E;&#x441;&#x43E;&#x431;&#x438;&#x44F; &#x438; &#x442;.&#x43F;. &#x434;&#x43B;&#x44F; &#x432;&#x44B;&#x441;&#x448;&#x435;&#x439; &#x448;&#x43A;&#x43E;&#x43B;&#x44B;</subfield>
    <subfield code="9">963600</subfield>
    <subfield code="3">RU\NLR\auth\6641339</subfield>
  </datafield>
  <datafield tag="606" ind1="0" ind2=" ">
    <subfield code="a">&#x42D;&#x43A;&#x43E;&#x43D;&#x43E;&#x43C;&#x438;&#x43A;&#x430;</subfield>
    <subfield code="j">&#x423;&#x447;&#x435;&#x431;&#x43D;&#x44B;&#x435; &#x438;&#x437;&#x434;&#x430;&#x43D;&#x438;&#x44F; &#x434;&#x43B;&#x44F; &#x432;&#x44B;&#x441;&#x448;&#x435;&#x439; &#x448;&#x43A;&#x43E;&#x43B;&#x44B;</subfield>
    <subfield code="x">&#x41C;&#x430;&#x442;&#x435;&#x43C;&#x430;&#x442;&#x438;&#x447;&#x435;&#x441;&#x43A;&#x438;&#x435; &#x43C;&#x435;&#x442;&#x43E;&#x434;&#x44B;</subfield>
    <subfield code="9">2093364</subfield>
    <subfield code="3">RU\NLR\auth\661266827</subfield>
  </datafield>
  <datafield tag="686" ind1=" " ind2=" ">
    <subfield code="a">&#x423;.&#x432;611&#x44F;73</subfield>
  </datafield>
  <datafield tag="701" ind1=" " ind2="1">
    <subfield code="4">070</subfield>
    <subfield code="7">ca</subfield>
    <subfield code="8">rus</subfield>
    <subfield code="a">&#x424;&#x435;&#x434;&#x43E;&#x441;&#x435;&#x435;&#x432;</subfield>
    <subfield code="b">&#x412;. &#x412;.</subfield>
    <subfield code="f">1940-</subfield>
    <subfield code="g">&#x412;&#x43B;&#x430;&#x434;&#x438;&#x43B;&#x435;&#x43D; &#x412;&#x430;&#x43B;&#x435;&#x43D;&#x442;&#x438;&#x43D;&#x43E;&#x432;&#x438;&#x447;</subfield>
    <subfield code="9">195380</subfield>
    <subfield code="3">RU\NLR\AUTH\770195431</subfield>
  </datafield>
  <datafield tag="701" ind1=" " ind2="1">
    <subfield code="a">&#x413;&#x430;&#x440;&#x43C;&#x430;&#x448;</subfield>
    <subfield code="b">&#x410;. &#x41D;.</subfield>
    <subfield code="g">&#x410;&#x43B;&#x435;&#x43A;&#x441;&#x430;&#x43D;&#x434;&#x440; &#x41D;&#x438;&#x43A;&#x43E;&#x43B;&#x430;&#x435;&#x432;&#x438;&#x447;</subfield>
    <subfield code="4">070</subfield>
  </datafield>
  <datafield tag="701" ind1=" " ind2="1">
    <subfield code="4">070</subfield>
    <subfield code="8">rus</subfield>
    <subfield code="7">ca</subfield>
    <subfield code="a">&#x414;&#x430;&#x439;&#x438;&#x442;&#x431;&#x435;&#x433;&#x43E;&#x432;</subfield>
    <subfield code="b">&#x414;. &#x41C;.</subfield>
    <subfield code="g">&#x414;&#x430;&#x439;&#x438;&#x442;&#x431;&#x435;&#x433; &#x41C;&#x430;&#x433;&#x430;&#x43C;&#x435;&#x434;&#x43E;&#x432;&#x438;&#x447;</subfield>
    <subfield code="3">RU\NLR\auth\7767374</subfield>
    <subfield code="9">50302</subfield>
  </datafield>
  <datafield tag="801" ind1=" " ind2="0">
    <subfield code="a">RU</subfield>
    <subfield code="b">NLR</subfield>
    <subfield code="c">19990726</subfield>
    <subfield code="g">PSBO</subfield>
  </datafield>
  <datafield tag="801" ind1=" " ind2="1">
    <subfield code="a">RU</subfield>
    <subfield code="b">NLR</subfield>
    <subfield code="c">19990726</subfield>
  </datafield>
  <datafield tag="852" ind1=" " ind2=" ">
    <subfield code="a">NLR</subfield>
    <subfield code="j">99-3/7832</subfield>
  </datafield>
  <datafield tag="942" ind1=" " ind2=" ">
    <subfield code="c">BOOK</subfield>
  </datafield>
  <datafield tag="980" ind1=" " ind2=" ">
    <subfield code="a">NB</subfield>
  </datafield>
  <datafield tag="995" ind1=" " ind2=" ">
    <subfield code="5">2013-10-26</subfield>
    <subfield code="b">NLR01</subfield>
    <subfield code="c">NLR01</subfield>
    <subfield code="e">RF8</subfield>
    <subfield code="f">1-1220095</subfield>
    <subfield code="k">99-3/7832</subfield>
    <subfield code="o">0</subfield>
    <subfield code="r">BOOK</subfield>
    <subfield code="s">9937832_</subfield>
  </datafield>
</record>
